00261nam a2200097Ia 4500008004100000100001900041245001700060245002800077260000900105856004900114160531s9999 xx 000 0 und d aGalleli, Luca. aPharmacology cEdited by Luca Gallelli c2012 uhttp://www.intechopen.com/books/pharmacology